00262nam a22000977a 4500008004100000020001800041040001500059100001400074245006800088300000800156131128t xxu||||| |||| 00| 0 eng d a81-8189-015-9 aASABcASAB aM.L. Sood aNematode Parasites of Birds (including poultry) from south Asia a340